<?xml version="1.0" encoding="UTF-8"?>
<record
    xmlns:xsi="http://www.w3.org/2001/XMLSchema-instance"
    xsi:schemaLocation="http://www.loc.gov/MARC21/slim http://www.loc.gov/standards/marcxml/schema/MARC21slim.xsd"
    xmlns="http://www.loc.gov/MARC21/slim">

  <leader>01165nam a22002537a 4500</leader>
  <controlfield tag="005">20170124102928.0</controlfield>
  <datafield tag="010" ind1=" " ind2=" ">
    <subfield code="a">A-810316</subfield>
  </datafield>
  <datafield tag="020" ind1=" " ind2=" ">
    <subfield code="c">125.00</subfield>
  </datafield>
  <datafield tag="035" ind1=" " ind2=" ">
    <subfield code="a">A-810316</subfield>
  </datafield>
  <datafield tag="037" ind1=" " ind2=" ">
    <subfield code="b">Cen Lib/Ret</subfield>
  </datafield>
  <datafield tag="040" ind1=" " ind2=" ">
    <subfield code="a">DPL</subfield>
    <subfield code="b">HN</subfield>
  </datafield>
  <datafield tag="082" ind1=" " ind2=" ">
    <subfield code="a">505.8</subfield>
    <subfield code="b">&#x939;&#x93E;&#x936;&#x94D;&#x92E;&#x940; </subfield>
  </datafield>
  <datafield tag="100" ind1=" " ind2=" ">
    <subfield code="a">&#x939;&#x93E;&#x936;&#x94D;&#x92E;&#x940;, &#x90F;&#x966; &#x90F;&#x91A; &#x966;</subfield>
    <subfield code="9">44304</subfield>
  </datafield>
  <datafield tag="245" ind1=" " ind2=" ">
    <subfield code="a">&#x935;&#x93F;&#x936;&#x94D;&#x935; &#x915;&#x947; &#x92E;&#x939;&#x93E;&#x928; &#x935;&#x948;&#x91C;&#x94D;&#x91E;&#x93E;&#x928;&#x93F;&#x915;, &#x905;&#x935;&#x93F;&#x937;&#x94D;&#x915;&#x93E;&#x930;&#x915; &#x914;&#x930; &#x907;&#x902;&#x91C;&#x93F;&#x928;&#x93F;&#x92F;&#x930; /</subfield>
    <subfield code="c">&#x90F;&#x966; &#x90F;&#x91A; &#x966; &#x939;&#x93E;&#x936;&#x94D;&#x92E;&#x940; </subfield>
  </datafield>
  <datafield tag="246" ind1=" " ind2=" ">
    <subfield code="a">Vishw ke mahan vaigyanik, avishkarak aur engineer /</subfield>
    <subfield code="b">by A. H. Hashmi</subfield>
  </datafield>
  <datafield tag="260" ind1=" " ind2=" ">
    <subfield code="a">&#x926;&#x93F;&#x932;&#x94D;&#x932;&#x940; </subfield>
    <subfield code="b">&#x905;&#x928;&#x941;&#x930;&#x93E;&#x917; &#x92A;&#x94D;&#x930;&#x915;&#x93E;&#x936;&#x928; </subfield>
    <subfield code="c">1997</subfield>
  </datafield>
  <datafield tag="270" ind1=" " ind2=" ">
    <subfield code="a">1/1073-&#x921;&#x940;, &#x92E;&#x939;&#x930;&#x94C;&#x932;&#x940;</subfield>
    <subfield code="b">&#x928;&#x908; &#x926;&#x93F;&#x932;&#x94D;&#x932;&#x940; </subfield>
    <subfield code="e">110030</subfield>
  </datafield>
  <datafield tag="300" ind1=" " ind2=" ">
    <subfield code="a">128  &#x92A;&#x943;. :</subfield>
    <subfield code="c">21&#x938;&#x947;&#x92E;&#x940; (&#x938;&#x91C;&#x93F;&#x932;&#x94D;&#x926;)</subfield>
    <subfield code="b">&#x91A;&#x93F;&#x924;&#x94D;&#x930;  </subfield>
  </datafield>
  <datafield tag="650" ind1=" " ind2=" ">
    <subfield code="a">&#x935;&#x93F;&#x936;&#x94D;&#x935;--&#x92E;&#x939;&#x93E;&#x928; &#x935;&#x948;&#x91C;&#x94D;&#x91E;&#x93E;&#x928;&#x93F;&#x915; </subfield>
    <subfield code="9">44305</subfield>
  </datafield>
  <datafield tag="650" ind1=" " ind2=" ">
    <subfield code="a">&#x905;&#x935;&#x93F;&#x937;&#x94D;&#x915;&#x93E;&#x930;&#x915; , &#x907;&#x902;&#x91C;&#x93F;&#x928;&#x93F;&#x92F;&#x930; </subfield>
    <subfield code="9">717</subfield>
  </datafield>
  <datafield tag="650" ind1=" " ind2=" ">
    <subfield code="a">World - the great scientist</subfield>
    <subfield code="9">44306</subfield>
  </datafield>
  <datafield tag="650" ind1=" " ind2=" ">
    <subfield code="a">Inventor, engineer</subfield>
    <subfield code="9">44307</subfield>
  </datafield>
  <datafield tag="942" ind1=" " ind2=" ">
    <subfield code="2">ddc</subfield>
    <subfield code="c">HN</subfield>
    <subfield code="h">505.8</subfield>
    <subfield code="m">&#x939;&#x93E;&#x936;&#x94D;&#x92E;&#x940; </subfield>
  </datafield>
  <datafield tag="999" ind1=" " ind2=" ">
    <subfield code="c">111739</subfield>
    <subfield code="d">111739</subfield>
  </datafield>
  <datafield tag="952" ind1=" " ind2=" ">
    <subfield code="0">0</subfield>
    <subfield code="1">0</subfield>
    <subfield code="4">0</subfield>
    <subfield code="7">1</subfield>
    <subfield code="8">REF</subfield>
    <subfield code="a">L</subfield>
    <subfield code="b">L</subfield>
    <subfield code="d">2015-08-05</subfield>
    <subfield code="e">Cen Lib/Ret</subfield>
    <subfield code="g">125.00</subfield>
    <subfield code="l">0</subfield>
    <subfield code="o">505.8 &#x939;&#x93E;&#x936;&#x94D;&#x92E;&#x940;</subfield>
    <subfield code="p">A-810316</subfield>
    <subfield code="r">2015-08-05 00:00:00</subfield>
    <subfield code="t">1</subfield>
    <subfield code="v">125.00</subfield>
    <subfield code="w">2015-08-05</subfield>
    <subfield code="y">HN</subfield>
  </datafield>
</record>
